000 02916nas a22002775i 4500
001 2332-8886
003 DE-He213
005 20260304140646.0
007 cr nn 008mamaa
008 170814s||||||||xxkuu poo|||||| b|EN |d
022 _a2332-8886
024 7 _a42234
_2local
210 1 0 _aBioelectron Med
245 1 0 _aBioelectronic Medicine
_h[electronic resource] /
_cedited by Valentin A Pavlov, Sonya VanPatten, Kevin J. Tracey.
264 1 _aLondon :
_bBioMed Central :
_bImprint: BioMed Central.
300 _bonline resource.
520 _aBioelectronic Medicine is an open-access journal that provides a necessary and specific publication platform for the growing field of bioelectronic medicine. This field brings together material science, biochemistry, biophysics, molecular medicine, neuroscience, immunology, bioengineering, electrical engineering, mechanical engineering, computer science, mathematics, artificial intelligence, and other basic and clinical disciplines. Bioelectronic Medicine promises to bring new insights into the diagnosis and treatment of diseases and conditions as varied as cancer, rheumatoid arthritis, inflammatory bowel disease, obesity, diabetes, asthma, paralysis, blindness, bleeding, ischemia, organ transplantation, cardiovascular disease, neurodegenerative diseases, and others. Bioelectronic Medicine focuses on electrical signaling in the nervous system. Insights into the regulatory functions of the nervous system and technologies that record, stimulate, or block neural signaling to affect specific molecular mechanisms are the primary focus of the journal. The journal will also feature bioelectronic approaches for monitoring and controlling biological processes, for providing insights into host and pathogen physiology and disease pathogenesis, and for restoring musculoskeletal function and mobility and treating paralysis, and many other conditions. In addition, developments in prostheses, robotics, and other relevant areas will be featured. Innovative preclinical research and development as well as clinical trials assessing new diagnostic and treatment advances will be well represented. Bioelectronic Medicine also welcomes related topics including ethics, community impact, regulatory and legal implications, reimbursement, and patient feedback in order to embrace multidisciplinary input across fields of science, technology, and healthcare.
650 0 _aBiotechnology.
650 1 4 _aBiotechnology.
700 1 _aPavlov, Valentin A.
_eeditor.
_4edt
_4http://id.loc.gov/vocabulary/relators/edt
_923996
700 1 _aVanPatten, Sonya.
_eeditor.
_4edt
_4http://id.loc.gov/vocabulary/relators/edt
_923999
700 1 _aTracey, Kevin J.
_eeditor.
_4edt
_4http://id.loc.gov/vocabulary/relators/edt
_924129
710 2 _aSpringerLink (Online service)
856 4 0 _uhttps://bioelecmed.biomedcentral.com
_zOpen Access
999 _c460010
_d460010